000 00669nam a2200205 i 4500
001 46154
003 ES-MaACL
005 20250804062530.0
007 t|
008 030328s1972 sp ||||1| spa d
100 1 _aCollotti, Enzo.
_939757
245 1 3 _aLa Alemania nazi
_b: desde la República de Weimar hasta la caida del Reich hitleriano /
_cEnzo Colloti ; [tradujo, Javier Abasolo].
260 _aMadrid :
_bAlianza,
_c[1972]
300 _a397 p. ;
_c18 cm.
490 1 _aEl libro de bolsillo ;
_v402
700 1 _aAbásolo, Javier,
_917981
830 0 3 _aEl libro de bolsillo
_v402
_9177802
852 _aES-MaACL
_jC-46605
_bR.83275
999 _c46154
_d46154